Statistics for Flags by portions

Click here to take the quiz!

General Stats

  • This quiz has been taken 10 times
    (7 since last reset)
  • The average score is 9 of 16

Answer Stats

Answer% Correct
Jamaica
100%
Saint Vincent & The Grenadines
100%
Singapore
100%
Togo
100%
Suriname
83%
Bolivia
67%
Myanmar
67%
Nicaragua
67%
Namibia
50%
Eswatini
33%
Laos
33%
Panama
33%
South Korea
33%
Estonia
17%
Nieu
0%
Solomon islands
0%

Score Distribution

Percentile by Number Answered

Percent of People with Each Score

Your Score History

You have not taken this quiz since the last reset